[Event "DEM U12 2021"]
[Site "Willingen GER"]
[Date "2021.08.25"]
[Round "4"]
[White "Rückel, Felix"]
[Black "Rödel, Jannis"]
[Result "0-1"]
[Termination "normal"]
[Board "27"]
[WhiteElo "994"]
[BlackElo "1349"]
[WhiteClock "00:45:12"]
[BlackClock "00:46:47"]
[PlyCount "60"]
[WhiteFideId "34608826"]
[BlackFideId "34608834"]
[EventCountry "GER"]
[EventRounds "9"]
[EventType "swiss"]
[EventDate "2021.08.22"]

1. e4 {[%clk 01:30:59]} e5 {[%clk 01:30:56]} {[%emt 00:00:05]} 2. Nf3 {[%clk
01:31:22]} {[%emt 00:00:07]} Nc6 {[%clk 01:31:22]} {[%emt 00:00:03]} 3. Bc4
{[%clk 01:31:24]} {[%emt 00:00:28]} Bc5 {[%clk 01:31:46]} {[%emt 00:00:06]} 4.
c3 {[%clk 01:31:27]} {[%emt 00:00:27]} Nf6 {[%clk 01:32:09]} {[%emt 00:00:08]}
5. d3 {[%clk 01:31:21]} {[%emt 00:00:36]} d6 {[%clk 01:32:30]} {[%emt
00:00:08]} 6. h3 {[%clk 01:30:43]} {[%emt 00:01:08]} a6 {[%clk 01:32:44]}
{[%emt 00:00:16]} 7. Bb3 {[%clk 01:29:59]} {[%emt 00:01:14]} O-O {[%clk
01:32:38]} {[%emt 00:00:35]} 8. O-O {[%clk 01:30:17]} {[%emt 00:00:12]} Ba7
{[%clk 01:30:56]} {[%emt 00:02:13]} 9. Re1 {[%clk 01:27:29]} {[%emt 00:03:18]}
Ne7 {[%clk 01:25:28]} {[%emt 00:05:58]} 10. Nbd2 {[%clk 01:25:35]} {[%emt
00:02:24]} Ng6 {[%clk 01:25:03]} {[%emt 00:00:55]} 11. Nf1 {[%clk 01:22:49]}
{[%emt 00:03:16]} Nh5 {[%clk 01:20:08]} {[%emt 00:05:25]} 12. Ng3 {[%clk
01:11:03]} {[%emt 00:12:14]} Nhf4 {[%clk 01:18:55]} {[%emt 00:01:45]} 13. Bxf4
{[%clk 01:10:34]} {[%emt 00:00:58]} Nxf4 {[%clk 01:19:00]} {[%emt 00:00:25]}
14. Qd2 {[%clk 01:07:16]} {[%emt 00:03:48]} Qf6 {[%clk 01:09:58]} {[%emt
00:09:32]} 15. Bd1 {[%clk 01:00:59]} {[%emt 00:06:48]} Bxh3 {[%clk 00:59:28]}
{[%emt 00:11:00]} 16. gxh3 {[%clk 00:59:53]} {[%emt 00:01:35]} Nxh3+ {[%clk
00:59:50]} {[%emt 00:00:09]} 17. Kg2 {[%clk 00:58:08]} {[%emt 00:02:15]} Nxf2
{[%clk 00:59:24]} {[%emt 00:00:56]} 18. Qg5 {[%clk 00:57:12]} {[%emt 00:01:25]}
Qxg5 {[%clk 00:57:53]} {[%emt 00:02:02]} 19. Nxg5 {[%clk 00:57:26]} {[%emt
00:00:16]} Nxd3 {[%clk 00:58:11]} {[%emt 00:00:13]} 20. Rh1 {[%clk 00:56:54]}
{[%emt 00:01:02]} h6 {[%clk 00:57:30]} {[%emt 00:01:10]} 21. Nf3 {[%clk
00:56:40]} {[%emt 00:00:45]} g6 {[%clk 00:50:08]} {[%emt 00:07:53]} 22. Rxh6
{[%clk 00:55:10]} {[%emt 00:01:55]} Kg7 {[%clk 00:49:29]} {[%emt 00:01:13]} 23.
Rh1 {[%clk 00:53:28]} {[%emt 00:02:11]} Rh8 {[%clk 00:49:33]} {[%emt 00:00:27]}
24. Rxh8 {[%clk 00:52:04]} {[%emt 00:01:51]} Rxh8 {[%clk 00:49:16]} {[%emt
00:00:50]} 25. b3 {[%clk 00:50:16]} {[%emt 00:02:19]} Nf4+ {[%clk 00:48:32]}
{[%emt 00:01:14]} 26. Kf1 {[%clk 00:50:08]} {[%emt 00:00:36]} Rh3 {[%clk
00:48:53]} {[%emt 00:00:09]} 27. Ke1 {[%clk 00:46:07]} {[%emt 00:04:14]} Rxg3
{[%clk 00:47:49]} {[%emt 00:01:52]} 28. Kd2 {[%clk 00:45:18]} {[%emt 00:01:18]}
Rg2+ {[%clk 00:46:41]} {[%emt 00:01:38]} 29. Kc1 {[%clk 00:45:11]} {[%emt
00:00:37]} Nd3+ {[%clk 00:46:47]} {[%emt 00:00:25]} 30. Kb1 {[%clk 00:45:12]}
{[%emt 00:00:29]} Rb2# {[%emt 00:00:20]} 0-1

[Event "DEM U12 2021"]
[Site "Willingen GER"]
[Date "2021.08.25"]
[Round "4"]
[White "Wellßow, Lio Keanu"]
[Black "Quartz, Konstantin"]
[Result "0-1"]
[Termination "normal"]
[Board "28"]
[WhiteElo "1203"]
[BlackElo "1027"]
[WhiteClock "01:16:11"]
[BlackClock "01:12:24"]
[PlyCount "148"]
[WhiteFideId "16252837"]
[BlackFideId "34604383"]
[EventCountry "GER"]
[EventRounds "9"]
[EventType "swiss"]
[EventDate "2021.08.22"]

1. d4 {[%clk 01:30:57]} {[%emt 00:00:02]} d5 {[%clk 01:30:56]} {[%emt
00:00:05]} 2. c4 {[%clk 01:31:20]} {[%emt 00:00:07]} e6 {[%clk 01:31:19]}
{[%emt 00:00:07]} 3. g3 {[%clk 01:31:37]} {[%emt 00:00:12]} Nf6 {[%clk
01:31:07]} {[%emt 00:00:43]} 4. Bg2 {[%clk 01:31:46]} {[%emt 00:00:20]} c6
{[%clk 01:31:19]} {[%emt 00:00:18]} 5. Qc2 {[%clk 01:31:41]} {[%emt 00:00:36]}
Be7 {[%clk 01:29:43]} {[%emt 00:02:05]} 6. Nf3 {[%clk 01:31:24]} {[%emt
00:00:47]} O-O {[%clk 01:29:08]} {[%emt 00:01:05]} 7. O-O {[%clk 01:31:46]}
{[%emt 00:00:08]} h6 {[%clk 01:27:38]} {[%emt 00:02:00]} 8. Nbd2 {[%clk
01:30:47]} {[%emt 00:01:29]} c5 {[%clk 01:26:35]} {[%emt 00:01:34]} 9. e4
{[%clk 01:29:12]} {[%emt 00:02:04]} cxd4 {[%clk 01:24:54]} {[%emt 00:02:11]}
10. Nxd4 {[%clk 01:28:12]} {[%emt 00:01:29]} Bc5 {[%clk 01:24:54]} {[%emt
00:00:31]} 11. N4b3 {[%clk 01:27:27]} {[%emt 00:01:15]} Bb6 {[%clk 01:22:22]}
{[%emt 00:03:02]} 12. e5 {[%clk 01:25:35]} {[%emt 00:02:22]} Ng4 {[%clk
01:22:18]} {[%emt 00:00:33]} 13. cxd5 {[%clk 01:23:33]} {[%emt 00:02:30]} exd5
{[%clk 01:22:27]} {[%emt 00:00:23]} 14. Nf3 {[%clk 01:21:24]} {[%emt 00:02:38]}
Nc6 {[%clk 01:21:56]} {[%emt 00:01:02]} 15. Rd1 {[%clk 01:19:29]} {[%emt
00:02:25]} Bxf2+ {[%clk 01:21:20]} {[%emt 00:01:06]} 16. Kh1 {[%clk 01:19:45]}
{[%emt 00:00:13]} Bb6 {[%clk 01:19:32]} {[%emt 00:02:19]} 17. Nbd4 {[%clk
01:19:25]} {[%emt 00:00:50]} Ncxe5 {[%clk 01:18:42]} {[%emt 00:01:21]} 18. Nxe5
{[%clk 01:19:24]} {[%emt 00:00:30]} Nxe5 {[%clk 01:18:17]} {[%emt 00:00:55]}
19. h3 {[%clk 01:18:36]} {[%emt 00:01:16]} Be6 {[%clk 01:12:16]} {[%emt
00:06:33]} 20. Re1 {[%clk 01:13:28]} {[%emt 00:05:38]} Bxd4 {[%clk 01:12:06]}
{[%emt 00:00:41]} 21. Be3 {[%clk 01:09:20]} {[%emt 00:04:38]} Nc6 {[%clk
01:10:14]} {[%emt 00:02:23]} 22. Qb3 {[%clk 01:06:02]} {[%emt 00:03:47]} Bxe3
{[%clk 01:06:28]} {[%emt 00:04:16]} 23. Qxe3 {[%clk 01:05:53]} {[%emt
00:00:38]} Nb4 {[%clk 01:06:57]} {[%emt 00:00:02]} 24. Qb3 {[%clk 01:05:36]}
{[%emt 00:00:47]} Qb6 {[%clk 01:06:13]} {[%emt 00:01:14]} 25. a3 {[%clk
01:05:30]} {[%emt 00:00:35]} Nc6 {[%clk 01:05:02]} {[%emt 00:01:41]} 26. Qxb6
{[%clk 01:04:51]} {[%emt 00:01:10]} axb6 {[%emt 00:01:31]} 27. Re3 {[%clk
01:02:59]} {[%emt 00:02:20]} Nd4 {[%clk 01:03:56]} {[%emt 00:00:37]} 28. Rd3
{[%clk 01:02:27]} {[%emt 00:01:01]} Nc2 {[%clk 01:02:46]} {[%emt 00:01:41]} 29.
Rc1 {[%clk 01:02:14]} {[%emt 00:00:43]} Rac8 {[%clk 01:03:14]} 30. Bxd5 {[%clk
01:02:03]} {[%emt 00:00:41]} Bxd5+ {[%clk 01:03:40]} {[%emt 00:00:05]} 31. Rxd5
{[%clk 01:02:21]} {[%emt 00:00:10]} Ne3 {[%clk 01:04:09]} {[%emt 00:00:02]} 32.
Rxc8 {[%clk 01:02:42]} {[%emt 00:00:09]} Rxc8 {[%clk 01:04:37]} {[%emt
00:00:02]} 33. Rd7 {[%clk 01:02:42]} {[%emt 00:00:28]} Nc4 {[%clk 01:01:23]}
{[%emt 00:03:45]} 34. Rxb7 {[%clk 01:02:22]} {[%emt 00:00:50]} Nxb2 {[%emt
00:00:02]} 35. Kg2 {[%clk 01:02:28]} {[%emt 00:00:22]} Rc3 {[%clk 01:01:49]}
{[%emt 00:00:33]} 36. Rxb6 {[%clk 01:02:48]} {[%emt 00:00:10]} Nc4 {[%clk
01:01:53]} {[%emt 00:00:26]} 37. Rb8+ {[%clk 01:03:11]} {[%emt 00:00:08]} Kh7
{[%clk 01:02:20]} {[%emt 00:00:02]} 38. Rc8 {[%clk 01:03:29]} {[%emt 00:00:11]}
Ne3+ {[%clk 01:02:39]} {[%emt 00:00:12]} 39. Kf2 {[%clk 01:03:50]} {[%emt
00:00:09]} Rxc8 {[%clk 01:03:08]} {[%emt 00:00:02]} 40. Kxe3 {[%clk 01:04:11]}
{[%emt 00:00:09]} Rc3+ {[%clk 01:02:05]} {[%emt 00:01:33]} 41. Kf4 {[%clk
01:04:23]} {[%emt 00:00:17]} Rxa3 {[%clk 01:02:30]} {[%emt 00:00:05]} 42. Kf5
{[%clk 01:04:33]} {[%emt 00:00:18]} Rxg3 {[%clk 01:02:46]} {[%emt 00:00:16]}
43. Ke5 {[%clk 01:05:00]} {[%emt 00:00:03]} Rxh3 {[%clk 01:03:06]} {[%emt
00:00:11]} 44. Kf4 {[%clk 01:05:26]} {[%emt 00:00:03]} g5+ {[%clk 01:03:29]}
{[%emt 00:00:07]} 45. Kg4 {[%clk 01:05:47]} {[%emt 00:00:09]} Ra3 {[%clk
01:03:41]} {[%emt 00:00:18]} 46. Kh5 {[%clk 01:06:08]} {[%emt 00:00:08]} Rh3+
{[%clk 01:03:57]} {[%emt 00:00:14]} 47. Kg4 {[%clk 01:06:31]} {[%emt 00:00:06]}
Rh4+ {[%clk 01:04:26]} {[%emt 00:00:02]} 48. Kg3 {[%clk 01:06:50]} {[%emt
00:00:10]} f5 {[%clk 01:04:15]} {[%emt 00:00:43]} 49. Kg2 {[%clk 01:07:03]}
{[%emt 00:00:16]} f4 {[%clk 01:04:38]} {[%emt 00:00:08]} 50. Kf3 {[%clk
01:07:27]} {[%emt 00:00:07]} Rh3+ {[%clk 01:04:51]} {[%emt 00:00:16]} 51. Kg4
{[%clk 01:07:39]} {[%emt 00:00:18]} Rg3+ {[%clk 01:05:11]} {[%emt 00:00:11]}
52. Kh5 {[%clk 01:08:00]} {[%emt 00:00:08]} g4 {[%clk 01:05:22]} {[%emt
00:00:18]} 53. Kh4 {[%clk 01:08:19]} {[%emt 00:00:12]} f3 {[%clk 01:05:25]}
{[%emt 00:00:27]} 54. Kxg3 {[%clk 01:08:43]} {[%emt 00:00:05]} h5 {[%emt
00:00:06]} 55. Kf2 {[%clk 01:09:02]} {[%emt 00:00:10]} Kg6 {[%clk 01:06:09]}
{[%emt 00:00:11]} 56. Kg3 {[%clk 01:09:26]} {[%emt 00:00:07]} Kg5 {[%clk
01:06:37]} {[%emt 00:00:03]} 57. Kf2 {[%clk 01:09:51]} {[%emt 00:00:04]} Kh4
{[%clk 01:06:57]} {[%emt 00:00:10]} 58. Kg1 {[%clk 01:10:11]} {[%emt 00:00:11]}
Kh3 {[%clk 01:07:24]} {[%emt 00:00:03]} 59. Kf2 {[%clk 01:10:34]} {[%emt
00:00:07]} Kh2 {[%clk 01:07:46]} {[%emt 00:00:07]} 60. Kf1 {[%clk 01:10:58]}
{[%emt 00:00:07]} g3 {[%clk 01:08:03]} {[%emt 00:00:13]} 61. Ke1 {[%clk
01:11:22]} {[%emt 00:00:05]} g2 {[%clk 01:08:08]} {[%emt 00:00:26]} 62. Kf2
{[%clk 01:11:43]} {[%emt 00:00:10]} g1=Q+ {[%emt 00:00:10]} 63. Kxf3 {[%emt
00:00:09]} Qg4+ {[%clk 01:08:10]} {[%emt 00:00:09]} 64. Kf2 {[%clk 01:11:59]}
{[%emt 00:00:14]} Qg3+ {[%clk 01:08:32]} {[%emt 00:00:08]} 65. Kf1 {[%clk
01:12:22]} {[%emt 00:00:08]} Qg2+ {[%clk 01:08:56]} {[%emt 00:00:06]} 66. Ke1
{[%clk 01:12:49]} {[%emt 00:00:02]} Kg3 {[%emt 00:00:20]} 67. Kd1 {[%clk
01:13:12]} {[%emt 00:00:05]} Qf2 {[%clk 01:09:30]} {[%emt 00:00:08]} 68. Kc1
{[%clk 01:13:36]} {[%emt 00:00:06]} Qe2 {[%clk 01:09:55]} {[%emt 00:00:05]} 69.
Kb1 {[%clk 01:14:01]} {[%emt 00:00:05]} Qd2 {[%clk 01:10:21]} {[%emt 00:00:04]}
70. Ka1 {[%clk 01:14:28]} {[%emt 00:00:03]} Kf3 {[%clk 01:10:43]} {[%emt
00:00:08]} 71. Kb1 {[%clk 01:14:52]} {[%emt 00:00:05]} Ke3 {[%clk 01:11:11]}
{[%emt 00:00:03]} 72. Ka1 {[%clk 01:15:18]} {[%emt 00:00:04]} Kd3 {[%clk
01:11:35]} {[%emt 00:00:05]} 73. Kb1 {[%clk 01:15:47]} Kc3 {[%clk 01:11:57]}
{[%emt 00:00:09]} 74. Ka1 {[%clk 01:16:11]} {[%emt 00:00:06]} Qb2# {[%clk
01:12:24]} {[%emt 00:00:03]} 0-1

[Event "DEM U12 2021"]
[Site "Willingen GER"]
[Date "2021.08.26"]
[Round "5"]
[White "Haubold, Christian Lucas"]
[Black "Helms, Finn"]
[Result "1/2-1/2"]
[Termination "normal"]
[Board "1"]
[WhiteElo "1649"]
[BlackElo "1972"]
[WhiteClock "00:16:02"]
[BlackClock "01:02:24"]
[PlyCount "116"]
[WhiteFideId "16259629"]
[BlackFideId "16249143"]
[EventCountry "GER"]
[EventRounds "9"]
[EventType "swiss"]
[EventDate "2021.08.22"]

1. e4 {[%clk 01:30:57]} {[%emt 00:00:02]} c6 {[%clk 01:30:39]} {[%emt
00:00:22]} 2. d4 {[%clk 01:31:02]} {[%emt 00:00:25]} d5 {[%clk 01:31:03]}
{[%emt 00:00:05]} 3. Nc3 {[%clk 01:31:15]} {[%emt 00:00:17]} dxe4 {[%clk
01:31:29]} {[%emt 00:00:04]} 4. Nxe4 {[%clk 01:31:34]} {[%emt 00:00:10]} Nf6
{[%clk 01:31:54]} {[%emt 00:00:04]} 5. Nxf6+ {[%clk 01:31:29]} {[%emt
00:00:36]} exf6 {[%clk 01:32:07]} {[%emt 00:00:17]} 6. c3 {[%clk 01:31:21]}
{[%emt 00:00:38]} Bd6 {[%clk 01:31:00]} {[%emt 00:01:37]} 7. Bd3 {[%clk
01:31:01]} {[%emt 00:00:50]} O-O {[%clk 01:31:24]} {[%emt 00:00:06]} 8. Qc2
{[%clk 01:31:09]} {[%emt 00:00:22]} Re8+ {[%clk 01:31:48]} {[%emt 00:00:06]} 9.
Ne2 {[%clk 01:31:31]} {[%emt 00:00:07]} h5 {[%clk 01:31:42]} {[%emt 00:00:36]}
10. Be3 {[%clk 01:31:00]} {[%emt 00:01:02]} h4 {[%clk 01:30:53]} {[%emt
00:01:19]} 11. O-O-O {[%clk 01:26:45]} {[%emt 00:04:45]} Nd7 {[%clk 01:30:26]}
{[%emt 00:00:57]} 12. Kb1 {[%clk 01:25:25]} {[%emt 00:01:50]} Nf8 {[%clk
01:29:49]} {[%emt 00:01:06]} 13. c4 {[%clk 01:22:35]} {[%emt 00:03:21]} Be6
{[%clk 01:28:55]} {[%emt 00:01:25]} 14. Nc3 {[%clk 01:19:45]} {[%emt 00:03:20]}
Rc8 {[%clk 01:27:10]} {[%emt 00:02:15]} 15. Ne4 {[%clk 01:15:21]} {[%emt
00:04:53]} Bb8 {[%clk 01:15:59]} {[%emt 00:11:42]} 16. Nc5 {[%clk 01:09:21]}
{[%emt 00:06:30]} Qe7 {[%clk 01:10:05]} {[%emt 00:06:24]} 17. Nxe6 {[%clk
01:00:03]} {[%emt 00:09:48]} Nxe6 {[%clk 01:09:23]} {[%emt 00:01:12]} 18. g3
{[%clk 00:58:58]} {[%emt 00:01:35]} hxg3 {[%clk 01:02:44]} {[%emt 00:07:10]}
19. hxg3 {[%clk 00:59:13]} {[%emt 00:00:14]} g6 {[%clk 01:02:45]} {[%emt
00:00:29]} 20. Rh4 {[%clk 00:54:27]} {[%emt 00:05:16]} Nf8 {[%clk 00:52:38]}
{[%emt 00:10:38]} 21. Rdh1 {[%clk 00:53:15]} {[%emt 00:01:41]} g5 {[%clk
00:51:49]} {[%emt 00:01:20]} 22. Rh8+ {[%clk 00:51:37]} {[%emt 00:02:08]} Kg7
{[%clk 00:51:55]} {[%emt 00:00:23]} 23. Bf5 {[%clk 00:50:08]} {[%emt 00:02:00]}
Rcd8 {[%clk 00:50:52]} {[%emt 00:01:32]} 24. Bd7 {[%clk 00:45:32]} {[%emt
00:05:06]} Qe4 {[%clk 00:50:25]} {[%emt 00:00:57]} 25. Bxe8 {[%clk 00:45:35]}
{[%emt 00:00:27]} Rxe8 {[%clk 00:50:54]} {[%emt 00:00:01]} 26. Qxe4 {[%clk
00:45:11]} {[%emt 00:00:54]} Rxe4 {[%clk 00:51:23]} {[%emt 00:00:01]} 27. R8h3
{[%clk 00:41:46]} {[%emt 00:03:54]} g4 {[%clk 00:49:18]} {[%emt 00:02:36]} 28.
Rh4 {[%clk 00:41:07]} {[%emt 00:01:09]} Ng6 {[%clk 00:49:00]} {[%emt 00:00:48]}
29. Rh7+ {[%clk 00:41:22]} {[%emt 00:00:14]} Kg8 {[%clk 00:49:18]} {[%emt
00:00:12]} 30. Kc2 {[%clk 00:35:31]} {[%emt 00:06:22]} f5 {[%clk 00:44:01]}
{[%emt 00:05:47]} 31. Kd3 {[%clk 00:35:02]} {[%emt 00:00:58]} Re6 {[%clk
00:44:05]} {[%emt 00:00:26]} 32. d5 {[%clk 00:30:19]} {[%emt 00:05:14]} cxd5
{[%clk 00:42:21]} {[%emt 00:02:14]} 33. cxd5 {[%clk 00:30:38]} {[%emt
00:00:11]} Ra6 {[%clk 00:42:37]} {[%emt 00:00:14]} 34. Bd4 {[%clk 00:21:05]}
{[%emt 00:10:03]} Be5 {[%clk 00:39:55]} {[%emt 00:03:12]} 35. Bxe5 {[%clk
00:14:58]} {[%emt 00:06:37]} Nxe5+ {[%clk 00:40:23]} {[%emt 00:00:02]} 36. Kc3
{[%clk 00:15:27]} {[%emt 00:00:01]} Ra5 {[%clk 00:39:17]} {[%emt 00:01:37]} 37.
d6 {[%clk 00:13:57]} {[%emt 00:01:59]} Rd5 {[%clk 00:39:30]} {[%emt 00:00:17]}
38. Rh8+ {[%clk 00:10:33]} {[%emt 00:03:55]} Kg7 {[%clk 00:39:53]} {[%emt
00:00:07]} 39. Rb8 {[%clk 00:10:13]} {[%emt 00:00:48]} b6 {[%clk 00:39:36]}
{[%emt 00:00:49]} 40. Rb7 {[%clk 00:06:05]} {[%emt 00:04:38]} Rxd6 {[%clk
00:39:41]} {[%emt 00:00:25]} 41. Rxa7 {[%clk 00:05:29]} {[%emt 00:01:06]} Rd3+
{[%clk 00:39:54]} {[%emt 00:00:17]} 42. Kc2 {[%clk 00:05:48]} {[%emt 00:00:11]}
Rf3 {[%clk 00:40:12]} {[%emt 00:00:12]} 43. Rf1 {[%clk 00:01:43]} {[%emt
00:04:34]} f4 {[%clk 00:38:30]} {[%emt 00:02:12]} 44. gxf4 {[%clk 00:26:06]}
{[%emt 00:06:07]} g3 {[%clk 01:05:44]} {[%emt 00:01:16]} 45. Rg1 {[%clk
00:26:29]} {[%emt 00:00:07]} Rxf2+ {[%clk 01:08:05]} {[%emt 00:00:08]} 46. Kb1
{[%clk 00:26:47]} {[%emt 00:00:13]} g2 {[%clk 01:08:16]} {[%emt 00:00:19]} 47.
Rxg2+ {[%clk 00:27:05]} {[%emt 00:00:11]} Rxg2 {[%clk 01:08:41]} {[%emt
00:00:05]} 48. fxe5 {[%clk 00:27:30]} {[%emt 00:00:05]} Re2 {[%clk 01:06:54]}
{[%emt 00:02:17]} 49. Re7 {[%clk 00:25:41]} {[%emt 00:02:19]} b5 {[%clk
01:06:35]} {[%emt 00:00:49]} 50. Re8 {[%clk 00:23:30]} {[%emt 00:02:41]} Kg6
{[%clk 01:03:39]} {[%emt 00:03:26]} 51. Rg8+ {[%clk 00:22:55]} {[%emt
00:01:05]} Kf5 {[%clk 01:03:55]} {[%emt 00:00:14]} 52. Rf8 {[%clk 00:20:50]}
{[%emt 00:02:35]} Ke6 {[%clk 01:03:51]} {[%emt 00:00:33]} 53. Kc1 {[%clk
00:19:12]} {[%emt 00:02:09]} Rxe5 {[%clk 01:03:42]} {[%emt 00:00:40]} 54. Re8+
{[%clk 00:17:19]} {[%emt 00:02:23]} Kd5 {[%clk 01:02:38]} {[%emt 00:01:33]} 55.
Rxe5+ {[%clk 00:16:20]} {[%emt 00:01:29]} Kxe5 {[%clk 01:03:04]} {[%emt
00:00:04]} 56. Kd2 {[%clk 00:16:29]} {[%emt 00:00:22]} Kd4 {[%clk 01:03:12]}
{[%emt 00:00:22]} 57. a3 {[%clk 00:16:34]} {[%emt 00:00:27]} b4 {[%clk
01:02:01]} {[%emt 00:01:41]} 58. axb4 {[%clk 00:16:02]} {[%emt 00:01:02]} Kc4
{[%clk 01:02:24]} {[%emt 00:00:06]} 1/2-1/2